[Event "FIDE World Rapid 2014"]
[Site "Dubai UAE"]
[Date "2014.06.18"]
[Round "14.26"]
[White "Bartel, Mateusz"]
[Black "Lenic, Luka"]
[Result "1-0"]
[WhiteTitle "GM"]
[BlackTitle "GM"]
[WhiteElo "2641"]
[BlackElo "2659"]
[WhiteFideId "1112635"]
[BlackFideId "14603853"]
[EventDate "2014.06.16"]

1. e4 c6 2. Nc3 d5 3. Nf3 Bg4 4. h3 Bxf3 5. Qxf3 e6 6. Qg3 Nf6 7. d3 Na6 8. Be2
g6 9. Bf4 Bg7 10. Bd6 Bf8 11. Be5 Bg7 12. exd5 cxd5 13. Bd6 Bf8 14. Be5 Bg7 15.
O-O O-O 16. Nb5 Ne8 17. c4 Bxe5 18. Qxe5 Nac7 19. Nc3 Qd6 20. d4 Rd8 21. Qxd6
Nxd6 22. c5 Ne4 23. Rac1 Rfe8 24. Nb5 Nxb5 25. Bxb5 Re7 26. b4 e5 27. dxe5 Rxe5
28. Rfe1 Re6 29. Bd3 Nf6 30. a4 Rxe1+ 31. Rxe1 Kf8 32. a5 d4 33. b5 Nd5 34. Rb1
Rc8 35. b6 axb6 36. cxb6 Ra8 37. a6 Ke7 38. a7 Kd6 39. Be4 d3 40. Rb3 Kc5 41.
Bxd5 Kxd5 42. Rxd3+ Kc5 43. Rb3 Kc6 44. g4 g5 45. Kg2 h6 46. Kf3 Re8 47. Kg3 Kc5
48. h4 Kc6 49. h5 Kc5 50. f4 f6 51. f5 Kc4 52. Ra3 Ra8 53. Re3 1-0

[Event "FIDE World Rapid 2014"]
[Site "Dubai UAE"]
[Date "2014.06.18"]
[Round "14.27"]
[White "Zhigalko, Sergei"]
[Black "Lu, Shanglei"]
[Result "1-0"]
[WhiteTitle "GM"]
[BlackTitle "GM"]
[WhiteElo "2678"]
[BlackElo "2546"]
[WhiteFideId "13502956"]
[BlackFideId "8603332"]
[EventDate "2014.06.16"]

1. e4 c5 2. Nf3 d6 3. d4 Nf6 4. Nc3 cxd4 5. Qxd4 Nc6 6. Bb5 Bd7 7. Bxc6 Bxc6 8.
Bg5 e6 9. O-O-O Be7 10. Rhe1 O-O 11. Kb1 Qa5 12. Qd2 Qa6 13. Nd4 Rac8 14. f3
Rfe8 15. g4 h6 16. Be3 d5 17. e5 Nd7 18. Bxh6 Nb6 19. Bxg7 Kxg7 20. Nf5+ exf5
21. gxf5 Rg8 22. f6+ Kh7 23. fxe7 Qc4 24. f4 d4 25. Qf2 Rg2 26. Qh4+ Kg8 27. Rg1
Na4 28. Rxg2+ Bxg2 29. Qg5+ Kh8 30. Qxg2 Nxc3+ 31. bxc3 Qxc3 32. Rd3 1-0

[Event "FIDE World Rapid 2014"]
[Site "Dubai UAE"]
[Date "2014.06.18"]
[Round "14.28"]
[White "Andriasian, Zaven"]
[Black "Kasimdzhanov, Rustam"]
[Result "0-1"]
[WhiteTitle "GM"]
[BlackTitle "GM"]
[WhiteElo "2611"]
[BlackElo "2700"]
[WhiteFideId "13302000"]
[BlackFideId "14200244"]
[EventDate "2014.06.16"]

1. Nf3 d5 2. g3 Bg4 3. Bg2 Nd7 4. c4 e6 5. cxd5 exd5 6. O-O c6 7. d3 Ngf6 8. Nc3
Bc5 9. Qb3 Bb6 10. Na4 O-O 11. Nxb6 axb6 12. h3 Bxf3 13. Bxf3 b5 14. Bf4 Re8 15.
Rfe1 Nc5 16. Qc3 Ne6 17. Bd2 h6 18. Bg2 Qd7 19. e4 dxe4 20. dxe4 Ra4 21. b4 Rea8
22. a3 Qd4 23. Qc1 Qa7 24. Re3 Nd7 25. Bf1 Ne5 26. Kg2 Rd8 27. Ra2 Qa6 28. Bc3
Nc4 29. Bxc4 bxc4 30. Rd2 Rxd2 31. Qxd2 Rxa3 32. Qd7 Qa8 33. Rf3 Ng5 34. Qd4 Qf8
35. Re3 b5 36. Qd7 Qa8 37. h4 Ne6 38. Rf3 Ra7 39. Qd6 Qc8 40. Qe5 Rd7 41. Qh5
Qe8 42. Qe5 Qd8 43. Qh5 Qe7 44. Qe5 Qd6 45. Qh5 c5 46. bxc5 Qxc5 47. Rf5 Qc6 48.
Rxb5 Qxe4+ 49. Kh2 Qc2 50. Be1 Kh7 51. Re5 Nd4 52. Re3 Qf5 53. Qxf5+ Nxf5 54.
Re5 Nd4 55. Kg2 Nc2 56. Bc3 Rd3 57. Ba5 Nd4 58. Re4 f5 59. Re1 c3 60. Rc1 c2 61.
Bb6 Rd1 0-1

[Event "FIDE World Rapid 2014"]
[Site "Dubai UAE"]
[Date "2014.06.18"]
[Round "14.29"]
[White "Glek, Igor"]
[Black "Inarkiev, Ernesto"]
[Result "0-1"]
[WhiteTitle "GM"]
[BlackTitle "GM"]
[WhiteElo "2438"]
[BlackElo "2682"]
[WhiteFideId "4100484"]
[BlackFideId "4162722"]
[EventDate "2014.06.16"]

1. e4 c5 2. Nf3 d6 3. c3 Nf6 4. h3 g6 5. Bd3 Bg7 6. O-O O-O 7. Bc2 Nc6 8. d4
cxd4 9. cxd4 Nb4 10. Bb3 d5 11. e5 Ne4 12. Nc3 b6 13. Re1 Bb7 14. a3 Nxc3 15.
bxc3 Nc6 16. h4 Bc8 17. Nh2 Bf5 18. Nf1 Na5 19. Ba2 Rc8 20. Re3 Nc4 21. Rg3 f6
22. exf6 Bxf6 23. Bg5 Qd6 24. Bxc4 dxc4 25. Ne3 Kh8 26. Nxf5 gxf5 27. Qh5 e5 28.
dxe5 Bxe5 29. Re3 f4 30. Be7 fxe3 31. Bxd6 exf2+ 32. Kf1 Bxd6 33. Ra2 Rc5 34.
Qh6 Rb5 35. Ra1 Rd5 36. Qe6 Rd2 37. Qxc4 Bc5 38. Qe6 Rd6 39. Qe5+ Rff6 40. h5
Re6 41. Qb8+ Rf8 42. Qg3 Rfe8 0-1

[Event "FIDE World Rapid 2014"]
[Site "Dubai UAE"]
[Date "2014.06.18"]
[Round "14.30"]
[White "Milov, Vadim"]
[Black "Mchedlishvili, Mikheil"]
[Result "1-0"]
[WhiteTitle "GM"]
[BlackTitle "GM"]
[WhiteElo "2622"]
[BlackElo "2632"]
[WhiteFideId "1304364"]
[BlackFideId "13600966"]
[EventDate "2014.06.16"]

1. d4 d6 2. g3 g6 3. Bg2 Bg7 4. e4 Nf6 5. Ne2 O-O 6. O-O c6 7. c4 e5 8. d5 cxd5
9. cxd5 Na6 10. Nbc3 Bd7 11. a3 Nc7 12. h3 Nb5 13. Be3 Nxc3 14. Nxc3 b5 15. Qd3
Qb8 16. Rfc1 a5 17. a4 bxa4 18. Nxa4 Bb5 19. Qb3 Bxa4 20. Qxa4 Qxb2 21. Qc6 Rfd8
22. Bf3 Qb8 23. Bb6 Rc8 24. Qxc8+ Qxc8 25. Rxc8+ Rxc8 26. Rxa5 Bf8 27. Ra4 Nd7
28. Be3 Nc5 29. Ra7 h5 30. g4 hxg4 31. hxg4 Nd3 32. g5 Nf4 33. Kh2 Re8 34. Kg3
Nd3 35. Be2 Nc5 36. Bxc5 dxc5 37. Bc4 Re7 38. Ra8 Kg7 39. f4 exf4+ 40. Kxf4 Rb7
41. Ra6 Rb4 42. Ba2 Rd4 43. Ke5 Be7 44. d6 Bxg5 45. Bd5 Rd1 46. d7 c4 47. Rc6
Rf1 48. Bxc4 Bf4+ 49. Kd4 Rd1+ 50. Bd3 Bg5 51. Rc8 Bf6+ 52. e5 Bh4 53. d8=Q Bxd8
54. Rxd8 Ra1 55. Rd7 1-0

[Event "FIDE World Rapid 2014"]
[Site "Dubai UAE"]
[Date "2014.06.18"]
[Round "14.31"]
[White "Maletin, Pavel"]
[Black "Ganguly, Surya Shekhar"]
[Result "1/2-1/2"]
[WhiteTitle "GM"]
[BlackTitle "GM"]
[WhiteElo "2588"]
[BlackElo "2619"]
[WhiteFideId "4146786"]
[BlackFideId "5002150"]
[EventDate "2014.06.16"]

1. d4 Nf6 2. c4 g6 3. g3 Bg7 4. Bg2 O-O 5. Nf3 d6 6. Nc3 Nbd7 7. O-O e5 8. e4
exd4 9. Nxd4 Nc5 10. h3 Re8 11. Re1 Bd7 12. Rb1 h6 13. Kh2 a5 14. Nb3 Na4 15.
Nb5 h5 16. Bd2 h4 17. g4 c6 18. Nc3 Nb6 19. c5 Nc4 20. cxd6 a4 21. Nc5 Bxg4 22.
Nxb7 Bxd1 23. Nxd8 Bh5 24. Nxc6 Nxd2 25. e5 Nxb1 26. Ne7+ Kh7 27. exf6 Bxf6 28.
Bxa8 Nxc3 29. Bc6 Rd8 30. bxc3 Rxd6 31. Bxa4 Bxc3 32. Re4 Rd2 33. Kg2 Bd4 34.
Rf4 f5 35. Nxf5 gxf5 36. Rxh4 Rxf2+ 37. Kh1 Rf1+ 38. Kg2 Rf2+ 39. Kh1 Rf1+ 40.
Kg2 Rf2+ 41. Kh1 Bf6 42. Rxh5+ Kg7 43. Bc6 Bd4 44. a4 f4 45. Rf5 Rf1+ 46. Kg2
Rf2+ 47. Kh1 Rf1+ 48. Kg2 Rf2+ 49. Kh1 Be3 50. a5 Kg6 51. Be4 Rf1+ 52. Kg2 Rf2+
53. Kh1 Rf1+ 1/2-1/2

[Event "FIDE World Rapid 2014"]
[Site "Dubai UAE"]
[Date "2014.06.18"]
[Round "14.32"]
[White "Korobov, Anton"]
[Black "Anton Guijarro, David"]
[Result "0-1"]
[WhiteTitle "GM"]
[BlackTitle "GM"]
[WhiteElo "2680"]
[BlackElo "2631"]
[WhiteFideId "14105730"]
[BlackFideId "2285525"]
[EventDate "2014.06.16"]

1. d4 g6 2. Nf3 Nf6 3. c4 Bg7 4. Nc3 O-O 5. e4 d6 6. Be2 Bg4 7. Be3 Nfd7 8. Rc1
e5 9. d5 a5 10. h3 Bxf3 11. Bxf3 f5 12. h4 f4 13. Bd2 Nc5 14. Qc2 h5 15. Ke2
Nba6 16. Rcg1 Qd7 17. Qd1 Rf6 18. Kf1 c6 19. Rh3 Raf8 20. Be1 Nb4 21. Be2 f3 22.
Rxf3 Rxf3 23. Bxf3 cxd5 24. Nxd5 Nbd3 25. Bc3 b5 26. b3 bxc4 27. bxc4 Qa7 28.
Be1 Rb8 29. g4 Rb2 30. Be2 Nxe1 31. Qxe1 Nxe4 32. Kg2 hxg4 33. Rf1 Nd2 34. Rh1
Qd4 35. h5 Bh6 36. hxg6 Qe4+ 37. Kg3 Bf4+ 38. Kh4 Kg7 39. Bxg4 Nf3+ 40. Bxf3
Qxf3 41. Rh3 Bg5+ 42. Kxg5 Qxh3 43. Qxa5 Qh6+ 44. Kg4 Qxg6+ 45. Kh4 Qf7 46. f4
Qg6 47. Kh3 Rg2 0-1

[Event "FIDE World Rapid 2014"]
[Site "Dubai UAE"]
[Date "2014.06.18"]
[Round "14.33"]
[White "Salem, A.R. Saleh"]
[Black "Laznicka, Viktor"]
[Result "0-1"]
[WhiteTitle "GM"]
[BlackTitle "GM"]
[WhiteElo "2581"]
[BlackElo "2679"]
[WhiteFideId "9301348"]
[BlackFideId "316385"]
[EventDate "2014.06.16"]

1. d4 d5 2. c4 c6 3. Nc3 Nf6 4. Nf3 a6 5. Bg5 Ne4 6. h4 Nxc3 7. bxc3 dxc4 8. g3
Nd7 9. e4 b5 10. Bg2 h6 11. Be3 Bb7 12. O-O e6 13. Nd2 Ba3 14. e5 Nb6 15. Qg4 g6
16. h5 g5 17. Ne4 Nd5 18. Bc1 Be7 19. f4 Nxc3 20. Nd6+ Bxd6 21. exd6 f5 22. Qf3
Nd5 23. g4 Qf6 24. fxg5 Qxd4+ 25. Qf2 Qxg4 26. Re1 O-O-O 27. a4 Rxd6 28. Qc5 Qg3
29. Be3 Nxe3 30. Rxe3 Qxg5 31. Re2 Rhd8 32. Rae1 Qxh5 33. axb5 axb5 34. Rxe6
Rxe6 35. Rxe6 Rd1+ 36. Kf2 Qh4+ 37. Kf3 Qg4+ 38. Kf2 Rd2+ 0-1

[Event "FIDE World Rapid 2014"]
[Site "Dubai UAE"]
[Date "2014.06.18"]
[Round "14.34"]
[White "Ghaem Maghami, Ehsan"]
[Black "Onischuk, Vladimir"]
[Result "1/2-1/2"]
[WhiteTitle "GM"]
[BlackTitle "GM"]
[WhiteElo "2582"]
[BlackElo "2594"]
[WhiteFideId "12500739"]
[BlackFideId "14114038"]
[EventDate "2014.06.16"]

1. c4 g6 2. d4 Bg7 3. e4 d6 4. Nc3 Nc6 5. Be3 e5 6. Nf3 Bg4 7. d5 Nd4 8. Nb5
Nxf3+ 9. gxf3 Bd7 10. c5 a6 11. Na3 Nf6 12. cxd6 cxd6 13. Nc4 Bb5 14. Nb6 Rb8
15. Bxb5+ axb5 16. Qb3 O-O 17. Qxb5 Nh5 18. Nd7 Qe8 19. a4 Ra8 20. Rc1 Ra5 21.
Qxb7 Qe7 22. Rc8 f5 23. Qc7 Rxc8 24. Qxc8+ Kf7 25. Nb6 Nf4 26. Kd2 Bh6 27. Rc1
Ra7 28. Rc6 Kg7 29. Nc4 Ng2 30. Nxd6 Bxe3+ 31. fxe3 Qh4 32. Rc7+ Rxc7 33. Qxc7+
Kh6 34. Nf7+ Kh5 35. Nxe5 Qe1+ 36. Kc2 Nxe3+ 37. Kd3 Qd1+ 38. Kxe3 f4+ 39. Kxf4
Qd2+ 40. Kg3 Qe1+ 41. Kg2 Qe2+ 42. Kg3 Qe1+ 43. Kg2 Qe2+ 44. Kg3 Qe1+ 45. Kf4
Qd2+ 46. Kg3 Qe1+ 1/2-1/2

[Event "FIDE World Rapid 2014"]
[Site "Dubai UAE"]
[Date "2014.06.18"]
[Round "14.35"]
[White "Vahidov, Tair"]
[Black "Safarli, Eltaj"]
[Result "1/2-1/2"]
[WhiteTitle "GM"]
[BlackTitle "GM"]
[WhiteElo "2446"]
[BlackElo "2649"]
[WhiteFideId "14200155"]
[BlackFideId "13402129"]
[EventDate "2014.06.16"]

1. Nf3 Nf6 2. c4 g6 3. Nc3 d5 4. cxd5 Nxd5 5. e4 Nxc3 6. dxc3 Qxd1+ 7. Kxd1 f6
8. Be3 e5 9. Nd2 Nd7 10. Kc2 Bc5 11. Bxc5 Nxc5 12. f3 a5 13. Bc4 Ke7 14. Nb3 Ne6
15. Rhd1 b6 16. Rd2 Bd7 17. Rad1 Rad8 18. Nc1 Ba4+ 19. b3 Rxd2+ 20. Rxd2 Bc6 21.
Nd3 h5 22. Nf2 h4 23. Bxe6 Kxe6 24. h3 f5 25. Re2 Kf6 26. Nd3 fxe4 27. fxe4 Ke6
28. Kd2 a4 29. Ke3 axb3 30. axb3 Rf8 31. Rf2 Rg8 32. Nb4 Bb7 33. c4 Ra8 34. Nd5
Bxd5 35. exd5+ Ke7 36. Ke4 Ra3 37. Rf3 Ra2 38. g3 Re2+ 39. Kd3 Re1 40. gxh4 e4+
41. Kd2 Rh1 42. Re3 Kd6 43. Rxe4 Rxh3 44. b4 b5 45. cxb5 Kxd5 46. Rg4 Rb3 47.
Kc2 Rh3 48. Kb2 Rf3 49. Rxg6 Kc4 50. Rc6+ 1/2-1/2

[Event "FIDE World Rapid 2014"]
[Site "Dubai UAE"]
[Date "2014.06.18"]
[Round "14.36"]
[White "Bologan, Viktor"]
[Black "Kovalev, Vladislav"]
[Result "0-1"]
[WhiteTitle "GM"]
[BlackTitle "GM"]
[WhiteElo "2661"]
[BlackElo "2554"]
[WhiteFideId "13900048"]
[BlackFideId "13504398"]
[EventDate "2014.06.16"]

1. d4 Nf6 2. c4 g6 3. Nc3 Bg7 4. e4 d6 5. Nge2 O-O 6. Ng3 e5 7. d5 a5 8. Be2 Na6
9. O-O h5 10. Bg5 Qe8 11. Qd2 Nh7 12. Be3 h4 13. Nh1 Bd7 14. Rae1 Nc5 15. Bd1
Qe7 16. f3 Rae8 17. Nf2 f5 18. exf5 gxf5 19. f4 b6 20. Bc2 e4 21. Bd4 Nf6 22. b3
Qf7 23. Ncd1 b5 24. Ne3 bxc4 25. bxc4 a4 26. Rb1 Rb8 27. Rxb8 Rxb8 28. Qa5 Ne8
29. Bxc5 dxc5 30. Qxc5 Rb2 31. a3 Qf8 32. Qa7 Qxa3 33. d6 Nxd6 34. Qxc7 Qxe3 35.
Qxd7 Rxc2 36. Qxd6 Kh7 37. Qd1 Re2 38. Kh1 Qd2 39. Qxa4 Rxf2 40. Rg1 Qxf4 41.
Qd1 Qg4 42. Qe1 Qe2 0-1

[Event "FIDE World Rapid 2014"]
[Site "Dubai UAE"]
[Date "2014.06.18"]
[Round "14.38"]
[White "Shyam, Sundar M."]
[Black "Volokitin, Andrei"]
[Result "0-1"]
[WhiteTitle "GM"]
[BlackTitle "GM"]
[WhiteElo "2468"]
[BlackElo "2638"]
[WhiteFideId "5019141"]
[BlackFideId "14107090"]
[EventDate "2014.06.16"]

1. e4 c5 2. Nf3 e6 3. d4 cxd4 4. Nxd4 Nc6 5. Nc3 Qc7 6. Be3 a6 7. Qf3 Bb4 8. Qg3
Qxg3 9. hxg3 Nf6 10. Nxc6 bxc6 11. Bd3 d5 12. exd5 cxd5 13. O-O-O Bd7 14. Bd4
Ke7 15. Rde1 h6 16. f3 Bb5 17. Rh4 Bd6 18. f4 Bxd3 19. cxd3 h5 20. Kc2 g6 21.
Rhh1 Rhc8 22. Bxf6+ Kxf6 23. d4 Rab8 24. Re3 Kf5 25. b3 Bb4 26. Re5+ Kf6 27. Re3
Rc7 28. Kb2 Rbc8 29. Rc1 Bd6 30. Re2 Kf5 31. Re3 Kg4 32. Rf3 Kf5 33. Re3 Bb4 34.
Re5+ Kf6 35. Re3 Bd6 36. Re2 Kf5 37. Re3 g5 38. fxg5 Kxg5 39. a3 Kg4 40. Rf1
Bxa3+ 41. Kxa3 Rxc3 42. Rf4+ Kg5 43. Re5+ Kg6 44. g4 hxg4 45. Rxg4+ Kf6 46. Re2
Rc2 47. Re1 Rf2 48. Re3 Rcc2 49. Reg3 Ke7 50. Kb4 Rc8 51. Ka3 Rf1 52. Kb2 a5 53.
Rf3 Rxf3 54. gxf3 Rb8 55. Kc3 Rh8 56. Rg3 Rh4 57. Kd3 Rh1 58. Kc3 Rf1 59. Kd3
Kf6 60. Rh3 Kg5 61. Kc2 Rf2+ 62. Kc1 Kf4 63. Rh7 f5 64. Re7 Rxf3 65. Kc2 Ke4 66.
Rxe6+ Kxd4 67. Ra6 Rf2+ 68. Kb1 f4 69. Rxa5 f3 70. Ra8 Re2 0-1

[Event "FIDE World Rapid 2014"]
[Site "Dubai UAE"]
[Date "2014.06.18"]
[Round "14.39"]
[White "Adly, Ahmed"]
[Black "Debashis, Das"]
[Result "1-0"]
[WhiteTitle "GM"]
[BlackTitle "GM"]
[WhiteElo "2594"]
[BlackElo "2484"]
[WhiteFideId "10601619"]
[BlackFideId "5024854"]
[EventDate "2014.06.16"]

1. d4 Nf6 2. Nf3 d5 3. c4 e6 4. Nc3 Bb4 5. e3 O-O 6. Bd3 c5 7. O-O dxc4 8. Bxc4
Nbd7 9. Qe2 b6 10. Rd1 cxd4 11. Nxd4 Bb7 12. Bd2 a6 13. Rac1 b5 14. Bb3 Qb6 15.
Be1 Rfd8 16. f3 Rac8 17. a3 Bc5 18. Bf2 Ne5 19. Ba2 Ng6 20. Qe1 Qa7 21. Nce2 e5
22. Nf5 e4 23. b4 Bf8 24. Rxd8 Rxd8 25. Ned4 exf3 26. Rc7 Rd7 27. Rxd7 Nxd7 28.
gxf3 Nde5 29. Qd1 Qa8 30. e4 Qd8 31. Bg3 Nc4 32. Bxc4 bxc4 33. Qc1 Qc8 34. Qc3
a5 35. Kg2 axb4 36. axb4 Ba6 37. b5 Bb7 38. Ne3 Qd8 39. Qxc4 Qg5 40. Nef5 Qd2+
41. Kf1 Nf4 42. Qc2 Qxc2 43. Nxc2 Ne6 44. Nfd4 Nxd4 45. Nxd4 Bc5 46. Nb3 Bb4 47.
Ke2 f5 48. Kd3 fxe4+ 49. fxe4 Kf7 50. Bf2 Ke6 51. Bc5 Be1 52. Bd4 Kd6 53. Bxg7
h5 54. Bf8+ Kc7 55. Bc5 h4 56. Nd4 h3 57. Ne6+ Kd7 58. Ng5 Bg3 59. Bg1 Be5 60.
Nxh3 Ke6 61. Ng5+ 1-0

[Event "FIDE World Rapid 2014"]
[Site "Dubai UAE"]
[Date "2014.06.18"]
[Round "14.40"]
[White "Dubov, Daniil"]
[Black "Vakhidov, Jahongir"]
[Result "1-0"]
[WhiteTitle "GM"]
[BlackTitle "IM"]
[WhiteElo "2614"]
[BlackElo "2471"]
[WhiteFideId "24126055"]
[BlackFideId "14201801"]
[EventDate "2014.06.16"]

1. d4 g6 2. Nf3 Bg7 3. g3 Nf6 4. Bg2 O-O 5. O-O d6 6. c4 Nc6 7. Nc3 Bg4 8. h3
Bxf3 9. Bxf3 Nd7 10. e3 e5 11. dxe5 Ndxe5 12. Be2 Na5 13. Qa4 c6 14. Rd1 Qc7 15.
Qc2 b6 16. b3 Nb7 17. Bb2 a6 18. Kg2 Rfe8 19. Rac1 Nc5 20. Rd2 a5 21. Rcd1 Rad8
22. Kh1 f5 23. Bf1 Nf3 24. Re2 Ng5 25. Bg2 Nge4 26. Kg1 Rd7 27. Ree1 Rde7 28.
Ne2 Bh6 29. Nf4 Bg7 30. Bd4 Be5 31. a3 Nf6 32. b4 axb4 33. axb4 Bxd4 34. Rxd4
Ne6 35. Nxe6 Rxe6 36. Red1 Kg7 37. Qb2 h5 38. b5 c5 39. R4d3 h4 40. g4 fxg4 41.
hxg4 Kh6 42. Bd5 Nxd5 43. Rxd5 Qe7 44. Qe2 Rf8 45. g5+ Kg7 46. Qd2 Rf5 47. Rxf5
gxf5 48. Kh2 Rg6 49. f4 Qe4 50. Qc3+ Kh7 51. Ra1 Rg7 52. Qf6 Kg8 53. g6 Re7 54.
Ra8+ 1-0

[Event "FIDE World Rapid 2014"]
[Site "Dubai UAE"]
[Date "2014.06.18"]
[Round "14.41"]
[White "Georgiev, Kiril"]
[Black "Goloshchapov, Alexander"]
[Result "1-0"]
[WhiteTitle "GM"]
[BlackTitle "GM"]
[WhiteElo "2644"]
[BlackElo "2586"]
[WhiteFideId "2900017"]
[BlackFideId "14103222"]
[EventDate "2014.06.16"]

1. d4 d5 2. Nf3 Nf6 3. Bf4 c5 4. c3 Nc6 5. dxc5 e6 6. b4 a5 7. b5 Ne7 8. e3 Ng6
9. c6 bxc6 10. bxc6 Nxf4 11. exf4 Qb6 12. Qb3 Rb8 13. Nbd2 Bd6 14. Qxb6 Rxb6 15.
g3 O-O 16. Nd4 e5 17. Nb5 Bc5 18. Nb3 Rxc6 19. Nxc5 Rxc5 20. fxe5 Ng4 21. f4 f6
22. exf6 Re8+ 23. Kd2 Nxf6 24. Bd3 Ne4+ 25. Kc2 Ba6 26. Bxe4 Rxe4 27. a4 Bxb5
28. axb5 Rxb5 29. Kd3 Rc4 30. Rhb1 Rcc5 31. g4 Kf7 32. h3 Kf6 33. Re1 Rb3 34.
Rac1 a4 35. Re8 a3 36. Ra8 Rc4 37. Ra6+ Kf7 38. f5 g6 39. f6 g5 40. Ra5 Rf4 41.
Rxd5 Kxf6 42. Ra5 Rf3+ 43. Kc4 Rb6 44. Rxa3 Rxh3 45. Kc5 Re6 46. Ra8 Rg3 47.
Rf1+ Kg7 48. Kd5 Re7 49. c4 Rxg4 50. c5 Rg2 51. Kd6 Re4 52. Rd1 Rc2 53. c6 Rec4
54. Ra7+ Kg6 55. c7 h5 56. Kd7 h4 57. Rh1 Kh5 58. Kd8 Rc5 59. Kd7 g4 60. Kd6
Rc6+ 61. Kd7 h3 62. Kd8 Kh4 63. Kd7 Rxc7+ 64. Rxc7 Rxc7+ 65. Kxc7 g3 1-0

[Event "FIDE World Rapid 2014"]
[Site "Dubai UAE"]
[Date "2014.06.18"]
[Round "14.42"]
[White "Savchenko, Boris"]
[Black "Durarbayli, Vasif"]
[Result "1-0"]
[WhiteTitle "GM"]
[BlackTitle "GM"]
[WhiteElo "2581"]
[BlackElo "2590"]
[WhiteFideId "4147332"]
[BlackFideId "13402935"]
[EventDate "2014.06.16"]

1. e4 e5 2. Nf3 Nc6 3. Bb5 a6 4. Ba4 Nge7 5. c3 g6 6. d4 exd4 7. cxd4 b5 8. Bb3
Bg7 9. d5 Na5 10. Bc2 O-O 11. Bd2 c5 12. d6 Nec6 13. Bc3 Nc4 14. Bb3 Nxb2 15.
Qd2 Nc4 16. Bxc4 bxc4 17. O-O Re8 18. Re1 Rb8 19. Bxg7 Kxg7 20. Qc3+ Qf6 21. e5
Qe6 22. Nbd2 Bb7 23. Ne4 Nd4 24. Nxc5 Nxf3+ 25. gxf3 Qf5 26. e6+ f6 27. exd7
Rxe1+ 28. Rxe1 Bxf3 29. Ne6+ Kh6 30. Qd4 Qxe6 31. Qd2+ 1-0

[Event "FIDE World Rapid 2014"]
[Site "Dubai UAE"]
[Date "2014.06.18"]
[Round "14.43"]
[White "Ipatov, Alexander"]
[Black "Gundavaa, Bayarsaikhan"]
[Result "0-1"]
[WhiteTitle "GM"]
[BlackTitle "GM"]
[WhiteElo "2613"]
[BlackElo "2501"]
[WhiteFideId "14116731"]
[BlackFideId "4901045"]
[EventDate "2014.06.16"]

1. d4 Nf6 2. c4 e6 3. Nc3 d5 4. Nf3 Bb4 5. Bg5 Nbd7 6. cxd5 exd5 7. Rc1 c6 8. a3
Be7 9. e3 Nh5 10. Bxe7 Qxe7 11. Qc2 O-O 12. Bd3 Nhf6 13. O-O Re8 14. Rce1 Ne4
15. Nd2 f5 16. f3 Nxd2 17. Qxd2 Qg5 18. Qf2 Rf8 19. Ne2 Nb6 20. Nf4 Bd7 21. b3
Rae8 22. Bb1 Nc8 23. Nd3 Nd6 24. Ne5 Bc8 25. Qg3 Qe7 26. a4 a5 27. Rc1 f4 28.
exf4 Qf6 29. Rcd1 Qxf4 30. Bxh7+ Kxh7 31. Qg6+ Kg8 32. Qxd6 Re6 33. Qc5 Rh6 34.
Qc1 Qxh2+ 35. Kf2 Qh4+ 36. Ke3 Qg3 37. Kd3 Bf5+ 38. Kc3 c5 39. Kb2 cxd4 40. Nd3
Rc6 41. Qf4 Rc2+ 42. Ka3 Qxg2 43. Nc1 Qg6 44. Rg1 Qb6 45. Qxd4 Qd6+ 46. b4 Rf7
47. Nd3 Rc4 48. Qe5 axb4+ 49. Kb2 Qc6 50. Rd2 Qf6 51. Qxf6 Rxf6 52. Ne5 Rh4 53.
Rdg2 Rh7 54. Rc1 g6 55. Rc5 d4 56. Rd2 Rd6 57. Rb5 Rc7 58. Rxb4 d3 59. Rc4 Re7
60. Rc5 b6 61. Rb5 Rc7 62. Kb3 Rc2 63. Nc4 Be6 64. Rxd3 Bxc4+ 0-1

[Event "FIDE World Rapid 2014"]
[Site "Dubai UAE"]
[Date "2014.06.18"]
[Round "14.44"]
[White "Aleksandrov, Aleksej"]
[Black "Ringoir, Tanguy"]
[Result "1/2-1/2"]
[WhiteTitle "GM"]
[BlackTitle "IM"]
[WhiteElo "2554"]
[BlackElo "2506"]
[WhiteFideId "13500139"]
[BlackFideId "208027"]
[EventDate "2014.06.16"]

1. d4 f5 2. g3 Nf6 3. Bg2 g6 4. Nf3 Bg7 5. c4 O-O 6. b4 Ne4 7. O-O c6 8. a4 d5
9. cxd5 cxd5 10. Qb3 Nc6 11. Rd1 Be6 12. Na3 Qb6 13. Nc2 Na5 14. Qd3 Nc4 15. Rb1
Rac8 16. Ng5 Bd7 17. Qb3 e6 18. Nxe4 fxe4 19. e3 Rc7 20. Na3 Rfc8 21. Nxc4 Rxc4
22. Bd2 a6 23. Bf1 Rc2 24. a5 Qd6 25. b5 axb5 26. Bxb5 Bxb5 27. Qxb5 R2c7 28.
Bb4 Qd7 29. Qxd7 Rxd7 30. Rb2 Bf8 31. Bxf8 Kxf8 32. Rdb1 Rcc7 33. g4 g5 34. Kg2
Kf7 35. Kg3 Kf6 36. h4 h6 37. Rb6 Rh7 38. Rh1 Rcd7 39. Rf1 Rhf7 40. Rh1 Rh7 41.
Rh3 Rc7 42. Kg2 Rcg7 43. f3 gxh4 44. Rxh4 h5 45. fxe4 dxe4 46. d5 Rxg4+ 47. Rxg4
hxg4 48. Rxe6+ Kf5 49. Rb6 Rd7 50. d6 Ke6 51. Kg3 Rxd6 52. Rxb7 Rd3 53. Kf4 Ra3
54. Rb6+ Kd7 55. a6 g3 56. Rg6 g2 57. Rg7+ Ke8 58. Rxg2 Rxa6 59. Kxe4 1/2-1/2

[Event "FIDE World Rapid 2014"]
[Site "Dubai UAE"]
[Date "2014.06.18"]
[Round "14.45"]
[White "Al-Sayed, Mohammed"]
[Black "Hansen, Eric"]
[Result "0-1"]
[WhiteTitle "GM"]
[BlackTitle "GM"]
[WhiteElo "2505"]
[BlackElo "2584"]
[WhiteFideId "12100196"]
[BlackFideId "2606771"]
[EventDate "2014.06.16"]

1. d4 Nf6 2. c4 g6 3. Nc3 d5 4. Nf3 Bg7 5. h4 dxc4 6. e4 O-O 7. e5 Nh5 8. Bxc4
c5 9. dxc5 Qxd1+ 10. Kxd1 Nc6 11. e6 Bxe6 12. Bxe6 fxe6 13. Ke2 e5 14. Ne4 Rad8
15. Re1 h6 16. Be3 Nd4+ 17. Bxd4 exd4 18. Ned2 Rf5 19. Kf1 Rxc5 20. Rxe7 Rb5 21.
b3 Bf8 22. Re6 Kf7 23. Re4 d3 24. Rc1 Rc5 25. Rxc5 Bxc5 26. Ne5+ Kg7 27. Rg4 Rd6
28. Rc4 Bb6 29. b4 Rd5 30. Nef3 Nf6 31. a4 a6 32. a5 Bd8 33. Ke1 Be7 34. Kd1 Rb5
35. Rc7 Nd5 36. Rd7 Kf6 37. Nd4 Nc3+ 38. Ke1 Rxb4 39. g4 g5 40. hxg5+ hxg5 41.
f4 Bc5 42. fxg5+ Ke5 43. g6 Bxd4 44. g7 Bf2+ 45. Kxf2 Rxg4 46. Rxd3 Nd1+ 47. Ke2
Nb2 48. Rb3 Na4 49. Rb4 Nc3+ 50. Kd3 Rg3+ 51. Kc2 Nb5 52. Nc4+ Ke6 53. Ne3 Rxg7
54. Re4+ Kd7 55. Kb3 Rg5 56. Rh4 Rg3 57. Re4 Nd6 58. Re5 Nf7 59. Rd5+ Kc6 60.
Rd3 Ne5 61. Rc3+ Kb5 62. Ka2 Rg7 63. Rc2 Nc6 64. Rb2+ Ka4 65. Nc4 Nb4+ 66. Ka1
Rg1+ 67. Rb1 Nc2+ 68. Kb2 Rxb1+ 69. Kxb1 Na3+ 0-1